| 000 | 00000nam 2200000za 4500 |
| 001 | 9.643979 |
| 003 | CaOODSP |
| 005 | 20230629144840 |
| 007 | cr ||||||||||| |
| 008 | 150407|2014||||xxc|||||o f|0| 0 fre d |
| 020 | |a978-0-660-22931-7 |
| 040 | |aCaOODSP|bfre |
| 043 | |an-cn--- |
| 086 | 1 |aSG5-12/1-2014F-PDF |
| 110 | 1 |aCanada. |bService Canada. |
| 245 | 10|aMarche à suivre pour remplir le relevé d'emploi |h[ressource électronique] |
| 260 | |aOttawa - Ontario : |bService Canada |cNovembre 2014. |
| 300 | |a62p.|bill., tableaux |
| 590 | |a15-13|b2015-03-27 |
| 691 | 07|aRelevé d'emploi|2gcpds |
| 775 | 08|tHow to complete the Record of Employment form |w(CaOODSP)9.700064 |
| 794 | |tMarche à suivre pour remplir le relevé d'emploi.|w(CaOODSP)9.903440 |
| 795 | |tMarche à suivre pour remplir le relevé d'emploi |w(CaOODSP)9.639523|tMarche à suivre pour remplir le relevé d'emploi |w(CaOODSP)9.643889 |
| 856 | 40|ahttp://publications.gc.ca|qPDF|s1.44 Mo|uhttps://publications.gc.ca/collections/collection_2015/servcan/SG5-12-1-2014-fra.pdf |
| 986 | |aIN-327-11-14F |